书目信息 |
| 题名: |
城市污水处理技术及工程实例
|
|
| 作者: | 李海 编 | |
| 分册: | ||
| 出版信息: | 北京 化学工业出版社 2002.5 |
|
| 页数: | 302页 | |
| 开本: | 26cm | |
| 丛书名: | ||
| 单 册: | ||
| 中图分类: | X703.1 | |
| 科图分类: | ||
| 主题词: | 废物 , 劳动?0 , 安全学 , 废物处理 , 废物综合利用 | |
| 电子资源: | ||
| ISBN: | 7-5025-3750-3 | |
| 000 | 00669nam0 2200241 45 | |
| 001 | 0331706118 | |
| 005 | 2003050508482612 | |
| 010 | @a7-5025-3750-3@dRMB 40.00 | |
| 100 | @a20030505d2002 km y0chiy0120 ea | |
| 101 | 0 | @achi |
| 102 | @aCN@b110000 | |
| 200 | 1 | @a城市污水处理技术及工程实例@ACheng Shi Wu Shui Chu Li Ji Shu Ji Gong Cheng Shi Li@f李海等编@Fli hai deng bian |
| 210 | @a北京@c化学工业出版社@d2002.5 | |
| 215 | @a302页@d26cm | |
| 606 | 0 | @a废物 |
| 606 | 0 | @a劳动?0 |
| 606 | @a安全学 | |
| 606 | 0 | @a废物处理 |
| 606 | 0 | @a废物综合利用 |
| 690 | @aX703.1@v4 | |
| 701 | 0 | @a李海@Ali hai@4编 |
| 801 | 0 | @aCN@bPFT@c20030505 |
| 905 | @a安徽大学@dX703.1@eL173 | |
| 城市污水处理技术及工程实例/李海等编.-北京:化学工业出版社,2002.5 |
| 302页;26cm |
| ISBN 7-5025-3750-3:RMB 40.00 |
| ● |
| 相关链接 |
|
|
|
正题名:城市污水处理技术及工程实例
索取号:X703.1/L173
 
预约/预借
| 序号 | 登录号 | 条形码 | 馆藏地/架位号 | 状态 | 备注 |
| 1 | 366614 | 203666149 | 自科二线504/501自科库 106排2列3层/ [索取号:X703.1/L173] | 在馆 | |
| 2 | 366615 | 203666158 | 自科库501/501自科库 106排2列3层/ [索取号:X703.1/L173] | 在馆 |